Предварительные испытания глин в полевых условиях

Dades bibliogràfiques
Autor principal: Авидон В. П. Валентин Павлович
Sumari:Исключено из фонда НТБ ТПУ
Idioma:rus
Publicat: Москва, Недра, 1968
Edició:2-е изд., перераб. и доп.
Format: MixedMaterials Llibre
KOHA link:https://koha.lib.tpu.ru/cgi-bin/koha/opac-detail.pl?biblionumber=372348

MARC

LEADER 00000nam0a2200000 4500
001 372348
005 20231101050154.0
035 |a (RuTPU)RU\TPU\retro\29771 
035 |a RU\TPU\book\304624 
090 |a 372348 
100 |a 20221214d1968 k y0rusy50 ca 
101 0 |a rus 
102 |a RU 
105 |a a z 001zy 
200 1 |a Предварительные испытания глин в полевых условиях  |f В. П. Авидон 
205 |a 2-е изд., перераб. и доп. 
210 |a Москва  |c Недра  |d 1968 
215 |a 169 с.  |c ил. 
320 |a Библиогр.: с. 166-167. 
333 |a Исключено из фонда НТБ ТПУ 
675 |a 553.6  |v 3 
700 1 |a Авидон  |b В. П.  |g Валентин Павлович 
801 1 |a RU  |b 63413507  |c 20150116 
801 2 |a RU  |b 63413507  |c 20221214  |g RCR 
942 |c BK